A hazai államháztartás egyensúlyi helyzetének alakulása, annak okai és hatásai a rendszerváltozástól napjainkig.

Bibliográfiai részletek
Szerző: Braun Frigyes
További közreműködők: Fellegi Dr. Miklós
Dokumentumtípus: Záródolgozat
Kulcsszavak:államháztartás
hiány
költségvetés
Online Access:http://dolgozattar.uni-bge.hu/11156

MARC

LEADER 00000nta a2200000 i 4500
001 dolg11156
005 20170512083810.0
008 170512suuuu hu o 000 hun d
040 |a BGE Dolgozattár Repozitórium  |b hun 
041 |a hu 
100 1 |a Braun Frigyes 
245 1 2 |a A hazai államháztartás egyensúlyi helyzetének alakulása, annak okai és hatásai a rendszerváltozástól napjainkig.  |c Braun Frigyes  |h [elektronikus dokumentum] 
516 |a Final_paper 
695 |a államháztartás 
695 |a hiány 
695 |a költségvetés 
700 1 |a Fellegi Dr. Miklós  |e ths 
856 4 0 |u http://dolgozattar.uni-bge.hu/11156/1/SZAKDOLGOZAT__BRAUN_FRIGYES.pdf  |z Dokumentum-elérés 
856 4 0 |u http://dolgozattar.uni-bge.hu/11156/2/NYILATKOZAT__BRAUN_FRIGYES.pdf  |z Dokumentum-elérés